Housing associations : policy and practice
| Main Author: | |
|---|---|
| Format: | Book |
| Published: |
London :
MacMillan Education Ltd. ,
1990
|
| Subjects: |
MARC
| LEADER | 00000cam a2200000 7i4500 | ||
|---|---|---|---|
| 001 | 0000009340 | ||
| 005 | 20160923.0 | ||
| 020 | |a 0333463633 | ||
| 040 | |a INS | ||
| 090 | 0 | 0 | |a HD7288.78.U5 |b C67 1990 |
| 100 | 1 | |a Cope, Helen F. | |
| 245 | 1 | 0 | |a Housing associations : |b policy and practice |c Helen F. Cope |
| 260 | |a London : |b MacMillan Education Ltd. , |c 1990 | ||
| 300 | |a 318p ; |c 24cm. | ||
| 650 | 0 | |a Poor |x Housing |z Great Britain | |
| 651 | 0 | |a Great Britain |x Housing associations | |
| 999 | |a 0000023408 |b BOOK |c Open Shelf |e Default branch | ||